[Event "X. Solinger Karnevalsopen"]
[Site "Solingen"]
[Date "2019.03.01"]
[Round "1.26"]
[White "Struck, Lasse"]
[Black "Stracke, André"]
[Result "1-0"]
[WhiteElo "1718"]
[BlackElo "1394"]
[PlyCount "59"]
[EventDate "2019.??.??"]
[WhiteTeam "SF Essen-Katernberg"]
[BlackTeam "SF Lennep"]

1. e4 e5 2. Nf3 Nc6 3. Bb5 a6 4. Bxc6 dxc6 5. O-O Bd6 6. d4 exd4 7. Qxd4 f6 8.
Re1 Ne7 9. e5 fxe5 10. Nxe5 O-O 11. Bg5 Rf7 12. Kh1 Rf5 13. f4 Qf8 14. g4 Bxe5
15. Qc4+ Rf7 16. Bxe7 Qxe7 17. Rxe5 Qf8 18. f5 b5 19. Qe2 Bb7 20. Nd2 c5+ 21.
Kg1 c4 22. Re1 Bc6 23. Nf3 h6 24. Nd4 Bd7 25. Qe4 Kh8 26. c3 Rc8 27. Ne2 Re8
28. Nf4 Kh7 29. Rxe8 Qc5+ 30. Qe3 1-0

[Event "X. Solinger Karnevalsopen"]
[Site "Solingen"]
[Date "2019.03.01"]
[Round "1.27"]
[White "Tonev, Vasil"]
[Black "Breuer, Leon"]
[Result "0-1"]
[WhiteElo "1727"]
[BlackElo "1715"]
[PlyCount "30"]
[EventDate "2019.??.??"]
[WhiteTeam "SV Horrem"]
[BlackTeam "SC Listiger Bauer Essen"]

1. e4 c6 2. d4 d5 3. exd5 cxd5 4. c4 Nf6 5. Nc3 Bf5 6. Nf3 e6 7. Be2 Nc6 8. a3
Be7 9. O-O O-O 10. b4 dxc4 11. Bxc4 Rc8 12. Bd3 Nxd4 13. Bxf5 Nxf5 14. Qb3 Ne8
15. Rd1 Rxc3 0-1

[Event "X. Solinger Karnevalsopen"]
[Site "Solingen"]
[Date "2019.03.01"]
[Round "1.28"]
[White "Atali, Dogukan"]
[Black "Bochynek, Josua Peter"]
[Result "1-0"]
[WhiteElo "1709"]
[BlackElo "1644"]
[PlyCount "47"]
[EventDate "2019.??.??"]
[WhiteTeam "SV Waltrop"]
[BlackTeam "SV Unna"]

1. e4 e6 2. d4 d5 3. Nc3 Bb4 4. e5 c5 5. a3 Bxc3+ 6. bxc3 Ne7 7. Qg4 Ng6 8. h4
h5 9. Qg3 Nc6 10. Nf3 Nce7 11. Bd3 Nf5 12. Bxf5 exf5 13. O-O Be6 14. dxc5 Qe7
15. Be3 Rc8 16. Nd4 Qxh4 17. Nxe6 Qxg3 18. Nxg7+ Kf8 19. fxg3 Kxg7 20. Rxf5 h4
21. Raf1 Rcf8 22. Bd4 Kg8 23. e6 Rh7 24. Rg5 1-0

[Event "X. Solinger Karnevalsopen"]
[Site "Solingen"]
[Date "2019.03.01"]
[Round "1.29"]
[White "Soechting, Marc"]
[Black "Schütz, Samson"]
[Result "1/2-1/2"]
[WhiteElo "1484"]
[BlackElo "1709"]
[PlyCount "83"]
[EventDate "2019.??.??"]
[WhiteTeam "SF Anna Wuppertal"]
[BlackTeam "Fideler Bauer Leverkusen"]

1. d4 d5 2. Bf4 Nf6 3. e3 Nbd7 4. Nd2 c5 5. c3 e6 6. Ngf3 Be7 7. Bd3 Nf8 8. Ne5
Ng6 9. Bb5+ Bd7 10. Nxd7 Nxd7 11. Bg3 O-O 12. Bxd7 Qxd7 13. O-O Rfc8 14. f4 f5
15. Be1 b5 16. Qh5 cxd4 17. exd4 a5 18. Rf3 Bf6 19. Nb3 Qe7 20. g3 Rc4 21. Re3
a4 22. Nc5 Nf8 23. Qe2 Kf7 24. Bd2 a3 25. b3 Rxd4 26. cxd4 Bxd4 27. Nd3 Bxa1
28. Bb4 Qf6 29. Ne5+ Bxe5 30. fxe5 Qg5 31. h4 Qh6 32. Kf2 Rc8 33. Bxa3 Kg8 34.
Bxf8 Rxf8 35. Qxb5 f4 36. Rf3 fxg3+ 37. Kxg3 Rxf3+ 38. Kxf3 Qh5+ 39. Kg2 Qg4+
40. Kf1 Qh3+ 41. Kg1 Qe3+ 42. Kf1 1/2-1/2

[Event "X. Solinger Karnevalsopen"]
[Site "Solingen"]
[Date "2019.03.01"]
[Round "1.31"]
[White "Hapka, Luca"]
[Black "Ringeltaube, Denny"]
[Result "1-0"]
[WhiteElo "1233"]
[BlackElo "1680"]
[PlyCount "105"]
[EventDate "2019.??.??"]
[WhiteTeam "Fideler Bauer Leverkusen"]
[BlackTeam "Klub Kölner SF"]

1. e4 c5 2. Nf3 e6 3. c3 d5 4. e5 Nc6 5. d4 Bd7 6. a4 cxd4 7. cxd4 Nge7 8. Bd2
Qb6 9. Bc3 Ng6 10. a5 Qc7 11. Be2 Bb4 12. a6 O-O 13. O-O b6 14. Bb5 Bxc3 15.
Nxc3 Na5 16. Rc1 Bxb5 17. Nxb5 Qd7 18. Nd6 Ne7 19. Qc2 Nc4 20. Nxc4 dxc4 21.
Qxc4 Rac8 22. Qd3 Nd5 23. Ng5 g6 24. Ne4 f5 25. exf6 Nxf6 26. Rxc8 Qxc8 27.
Nxf6+ Rxf6 28. f4 Rf5 29. b4 Qc7 30. g3 Rd5 31. Re1 Qd6 32. Re4 Qxb4 33. Rxe6
Rxd4 34. Qe3 Rd1+ 35. Kf2 Qb2+ 36. Kf3 Rf1+ 37. Kg4 Qb5 38. Re8+ Kg7 39. Re7+
Kf8 40. Re5 Qd7+ 41. Kg5 Rd1 42. f5 h6+ 43. Kxg6 Qg7+ 44. Kh5 Qf7+ 45. Kxh6
Rd6+ 46. Re6 Rxe6+ 47. Qxe6 Qxe6+ 48. fxe6 b5 49. g4 b4 50. g5 b3 51. g6 b2 52.
g7+ Kg8 53. e7 1-0

[Event "X. Solinger Karnevalsopen"]
[Site "Solingen"]
[Date "2019.03.01"]
[Round "1.32"]
[White "Hartjes, Jenny"]
[Black "Neu, Martin"]
[Result "1-0"]
[WhiteElo "1668"]
[BlackElo "1233"]
[PlyCount "61"]
[EventDate "2019.??.??"]
[WhiteTeam "OSC Rheinhausen"]
[BlackTeam "SG Niederkassel"]

1. d4 d5 2. Nf3 Nf6 3. c4 e6 4. Nc3 Bb4 5. e3 Ne4 6. Qc2 c6 7. Bd2 Nxd2 8. Qxd2
Nd7 9. Bd3 Nf6 10. O-O dxc4 11. Bxc4 Ne4 12. Qc2 Nd6 13. Bd3 g5 14. Ne5 f6 15.
Nc4 b5 16. Nxd6+ Bxd6 17. Ne4 Bb7 18. Qe2 f5 19. Nxd6+ Qxd6 20. Qh5+ Kf8 21.
Qxg5 Rg8 22. Qh6+ Rg7 23. Bxf5 c5 24. Qf6+ Rf7 25. Qxe6 Qd8 26. Bh3 Rg7 27.
Qf5+ Kg8 28. g3 Qh4 29. Bg2 Bxg2 30. Kxg2 cxd4 31. Qd5+ 1-0

[Event "X. Solinger Karnevalsopen"]
[Site "Solingen"]
[Date "2019.03.01"]
[Round "1.33"]
[White "Marcziter, Alex"]
[Black "Karwatzki, Hans-Jürgen"]
[Result "0-1"]
[WhiteElo "1213"]
[BlackElo "1642"]
[PlyCount "22"]
[EventDate "2019.??.??"]
[WhiteTeam "SG Porz"]
[BlackTeam "SF Stadtverwaltung Bonn"]

1. e4 e5 2. Nf3 Nc6 3. Bc4 Nf6 4. Ng5 d5 5. exd5 Nd4 6. d6 Qxd6 7. Nxf7 Qc6 8.
f3 Qxc4 9. Nxh8 Nxc2+ 10. Kf2 Bc5+ 11. Kg3 Nh5# 0-1

[Event "X. Solinger Karnevalsopen"]
[Site "Solingen"]
[Date "2019.03.01"]
[Round "1.34"]
[White "Illner, Jan"]
[Black "Scheidtmann, Kian"]
[Result "1-0"]
[WhiteElo "1636"]
[BlackElo "1106"]
[PlyCount "59"]
[EventDate "2019.??.??"]
[WhiteTeam "SG Bochum"]
[BlackTeam "SG Solingen"]

1. d4 Nf6 2. Nf3 g6 3. e3 Bg7 4. c4 O-O 5. Be2 d6 6. b3 c6 7. Bb2 d5 8. Nbd2
Ne4 9. Nxe4 dxe4 10. Nd2 f5 11. Qc2 Nd7 12. O-O-O a5 13. h4 a4 14. h5 axb3 15.
Qxb3 g5 16. h6 Bf6 17. c5+ Kh8 18. g4 Nb8 19. gxf5 Bxf5 20. Rdg1 Qa5 21. a3 Ra7
22. f4 gxf4 23. exf4 e3 24. Qxe3 b5 25. cxb6 Qxb6 26. Rg7 c5 27. Rhg1 cxd4 28.
Qg3 Qe6 29. Bc4 Rc7 30. Rg8+ 1-0

[Event "X. Solinger Karnevalsopen"]
[Site "Solingen"]
[Date "2019.03.01"]
[Round "1.35"]
[White "Krol, Julian"]
[Black "König, Linus"]
[Result "0-1"]
[WhiteElo "832"]
[BlackElo "1629"]
[PlyCount "42"]
[EventDate "2019.??.??"]
[WhiteTeam "SF Schlebusch"]
[BlackTeam "SF Schlebusch"]

1. e4 c5 2. Nf3 e6 3. d4 cxd4 4. Nxd4 a6 5. Bc4 Qc7 6. Bb3 Nf6 7. Qd3 Nc6 8. f3
Be7 9. a3 O-O 10. Nc3 b5 11. Be3 Bb7 12. Nce2 Rac8 13. Bf4 d6 14. Nxc6 Bxc6 15.
a4 bxa4 16. Bxa4 Bxa4 17. Rxa4 Qxc2 18. Qxc2 Rxc2 19. Rxa6 Rxb2 20. Kf2 d5 21.
Be5 Bc5+ 0-1

[Event "X. Solinger Karnevalsopen"]
[Site "Solingen"]
[Date "2019.03.02"]
[Round "2.1"]
[White "Braun, Christian"]
[Black "Flesch, Dr. Stefan"]
[Result "1-0"]
[WhiteElo "2392"]
[BlackElo "2044"]
[PlyCount "69"]
[EventDate "2019.??.??"]
[WhiteTeam "DJK Aufwärts Aachen"]
[BlackTeam "SG Solingen"]

1. e4 e6 2. d3 d5 3. Nd2 c5 4. Ngf3 Nc6 5. g3 Bd6 6. Bg2 Nge7 7. O-O O-O 8. Re1
f6 9. b3 Qc7 10. Bb2 Bd7 11. d4 cxd4 12. exd5 exd5 13. Nxd4 Nxd4 14. Bxd4 Kh8
15. c4 Nc6 16. Bc3 d4 17. Bb2 Nb4 18. Bxd4 Nc6 19. Bc3 Rad8 20. Qh5 Be8 21. Qh4
Bg6 22. Be4 Bxe4 23. Qxe4 Be5 24. Bxe5 Nxe5 25. Nf3 Nxf3+ 26. Qxf3 Rfe8 27.
Rxe8+ Rxe8 28. Rd1 Kg8 29. Qd5+ Kf8 30. h4 h6 31. a4 b6 32. Kg2 Qe7 33. h5 Qe2
34. Qf3 Qc2 35. Rd7 1-0

[Event "X. Solinger Karnevalsopen"]
[Site "Solingen"]
[Date "2019.03.02"]
[Round "2.2"]
[White "Borchert, Stephan"]
[Black "Michalczak, Thomas"]
[Result "1-0"]
[WhiteElo "1983"]
[BlackElo "2239"]
[PlyCount "79"]
[EventDate "2019.??.??"]
[WhiteTeam "SG Solingen"]
[BlackTeam "SG Solingen"]

1. e4 c5 2. Nf3 a6 3. d4 cxd4 4. Nxd4 Nf6 5. Nc3 e5 6. Nb3 Bb4 7. Bd3 d5 8.
exd5 Nxd5 9. Bd2 Nxc3 10. bxc3 Bd6 11. Qh5 g6 12. Qh6 Bf8 13. Qe3 Nc6 14. O-O
Bg7 15. Qc5 Qe7 16. Rab1 O-O 17. Qxe7 Nxe7 18. Nc5 b5 19. c4 bxc4 20. Be4 Ra7
21. Ba5 Nf5 22. Bb6 Re7 23. Rfd1 Nd4 24. Kf1 Kh8 25. c3 Nb5 26. Bd8 Ree8 27.
Ba5 f5 28. Bc6 Re7 29. a4 Nc7 30. Nb7 Rg8 31. Nd8 Bf6 32. Rb8 Be6 33. Rd6 e4
34. Rb7 Be5 35. Rxe6 Nxe6 36. Rxe7 Nxd8 37. Bd5 Bf6 38. Ra7 Re8 39. Rxa6 Kg7
40. Bxc4 {Zeit} 1-0

[Event "X. Solinger Karnevalsopen"]
[Site "Solingen"]
[Date "2019.03.02"]
[Round "2.3"]
[White "Marcziter, Dr. Dmitrii"]
[Black "Eckert, Marius"]
[Result "0-1"]
[WhiteElo "2225"]
[BlackElo "1994"]
[PlyCount "122"]
[EventDate "2019.??.??"]
[WhiteTeam "DJK Aufwärts Aachen"]
[BlackTeam "SV Waltrop"]

1. d4 d5 2. c4 e6 3. Nc3 Nf6 4. Bg5 Be7 5. e3 O-O 6. cxd5 exd5 7. Qc2 c6 8. Bd3
Nbd7 9. Nge2 Re8 10. O-O Nf8 11. f3 Be6 12. Rad1 Rc8 13. Nf4 h6 14. Bh4 Bd7 15.
Bg3 Ne6 16. Nfe2 c5 17. Be5 c4 18. Bf5 Nc7 19. Ng3 b5 20. a3 a5 21. e4 b4 22.
axb4 axb4 23. Nce2 Ra8 24. Ra1 Na6 25. b3 c3 26. Bxf6 Bxf6 27. e5 Be7 28. Bh7+
Kh8 29. Bd3 Qb6 30. f4 Nc7 31. f5 Bg5 32. Kh1 Nb5 33. Bxb5 Bxb5 34. Rfd1 Ra7
35. Ng1 Rea8 36. Rxa7 Qxa7 37. f6 gxf6 38. h4 Bxh4 39. Nf5 Bg5 40. Nd6 Be8 41.
Nf3 Qd7 42. Nxg5 fxg5 43. Qe2 Qe6 44. Rf1 Rd8 45. Rf6 Rxd6 46. Rxe6 Rxe6 47.
Qa2 Kg7 48. Kh2 Rc6 49. Qc2 Bd7 50. Kg3 Bf5 51. Qxf5 c2 52. e6 fxe6 53. Qe5+
Kf7 54. Qh8 c1=Q 55. Qh7+ Ke8 56. Qg8+ Kd7 57. Qf7+ Kd6 58. Qf8+ Kc7 59. Qe7+
Kc8 60. Qe8+ Kb7 61. Qe7+ Ka6 0-1

[Event "X. Solinger Karnevalsopen"]
[Site "Solingen"]
[Date "2019.03.02"]
[Round "2.4"]
[White "Tremöhlen, Thomas"]
[Black "Jacobs, Florian"]
[Result "1/2-1/2"]
[WhiteElo "1980"]
[BlackElo "2213"]
[PlyCount "81"]
[EventDate "2019.??.??"]
[WhiteTeam "SG Kaarst"]

1. d4 Nf6 2. Bf4 d5 3. e3 c5 4. c3 Qb6 5. Qb3 Nc6 6. Nd2 c4 7. Qc2 g6 8. e4
Nxe4 9. Nxe4 dxe4 10. Bxc4 Bf5 11. Be3 Qc7 12. Bd5 e5 13. dxe5 Nb4 14. Qa4+ Bd7
15. Qb3 Nxd5 16. Qxd5 Bc6 17. Qb3 Bg7 18. e6 O-O 19. exf7+ Rxf7 20. Ne2 a5 21.
a4 Qd7 22. O-O Bd5 23. c4 Be6 24. Ng3 Qc6 25. Rac1 Rc8 26. Qb5 Bxc4 27. Qxa5
Qe6 28. Rfd1 Bxb2 29. Rc2 Bf6 30. Rdc1 Rc6 31. h3 h5 32. Qb4 Bd5 33. Rxc6 Bxc6
34. a5 h4 35. Ne2 Be7 36. Qb6 Bd5 37. Nf4 Qxb6 38. axb6 Bc6 39. Nxg6 Bf6 40.
Rd1 Kh7 41. Nf4 1/2-1/2

[Event "X. Solinger Karnevalsopen"]
[Site "Solingen"]
[Date "2019.03.02"]
[Round "2.5"]
[White "Bruil, Rembrandt"]
[Black "Speck, Stefan"]
[Result "1-0"]
[WhiteElo "2200"]
[BlackElo "1983"]
[PlyCount "53"]
[EventDate "2019.??.??"]
[WhiteTeam "SK Turm Kleve"]
[BlackTeam "SC Solingen 28"]

1. d4 d5 2. c4 c6 3. Nf3 Nf6 4. e3 e6 5. Nbd2 g6 6. Bd3 Bg7 7. O-O O-O 8. Qc2
Nbd7 9. b4 Qe7 10. Rb1 e5 11. cxd5 Nxd5 12. b5 c5 13. dxc5 Nxc5 14. Ba3 b6 15.
Ne4 Bg4 16. Nxc5 Bxf3 17. gxf3 Qg5+ 18. Kh1 bxc5 19. Be4 Rad8 20. Bxc5 Rfe8 21.
Bxa7 Rc8 22. Qd3 Nc3 23. Rbc1 f5 24. Rxc3 fxe4 25. Qd5+ Kh8 26. Rxc8 Rxc8 27.
Qxe4 1-0

[Event "X. Solinger Karnevalsopen"]
[Site "Solingen"]
[Date "2019.03.02"]
[Round "2.6"]
[White "Walter, Andreas"]
[Black "Pauls, Wilhelm"]
[Result "1-0"]
[WhiteElo "2127"]
[BlackElo "1963"]
[PlyCount "47"]
[EventDate "2019.??.??"]
[WhiteTeam "SV Mülheim-Nord"]
[BlackTeam "SG Kaarst"]

1. d4 Nf6 2. c4 g6 3. Nc3 Bg7 4. e4 d6 5. f3 O-O 6. Be3 Nc6 7. Nge2 Re8 8. Qd2
e5 9. d5 Na5 10. Nc1 c5 11. dxc6 bxc6 12. b4 Nb7 13. Bg5 h6 14. Bxh6 Bxh6 15.
Qxh6 d5 16. cxd5 cxd5 17. Bb5 Re7 18. Qh4 Kg7 19. exd5 Nd6 20. Bc6 e4 21. O-O
Nf5 22. Qf2 e3 23. Qb2 Qb6 24. N1e2 1-0

[Event "X. Solinger Karnevalsopen"]
[Site "Solingen"]
[Date "2019.03.02"]
[Round "2.7"]
[White "Müller, Adrian"]
[Black "Naundorf, Maik"]
[Result "1/2-1/2"]
[WhiteElo "1919"]
[BlackElo "2147"]
[PlyCount "100"]
[EventDate "2019.??.??"]
[WhiteTeam "Fideler Bauer Leverkusen"]
[BlackTeam "Königsspringer Hagen/Wetter"]

1. e4 c5 2. Nf3 Nc6 3. d4 cxd4 4. Nxd4 g6 5. c4 Bg7 6. Be3 Nf6 7. Nc3 Ng4 8.
Qxg4 Nxd4 9. Qd1 e5 10. Be2 O-O 11. O-O d6 12. Qd2 Be6 13. Rfc1 a6 14. Bf1 Rc8
15. Ne2 Nxe2+ 16. Bxe2 f5 17. exf5 gxf5 18. Bh6 Bxh6 19. Qxh6 Qf6 20. Qxf6 Rxf6
21. b3 Bd7 22. Rd1 Kf8 23. b4 Ke7 24. Rac1 Be6 25. f3 Rff8 26. Rd2 d5 27. Rdc2
d4 28. Bd3 Kf6 29. a4 Rf7 30. a5 Rfc7 31. Kf2 h6 32. Re1 Re7 33. Rec1 Bd7 34.
Re1 Rce8 35. Rce2 Bc6 36. b5 axb5 37. cxb5 Bd5 38. Rc2 e4 39. Rc5 exd3 40. Rxe7
Rxe7 41. Rxd5 Re2+ 42. Kf1 Ra2 43. Rxd4 Rxa5 44. Rxd3 Rxb5 45. f4 h5 46. Rd6+
Kg7 47. Kf2 Rb3 48. Rd7+ Kg6 49. Rd6+ Kg7 50. Rd7+ Kg6 1/2-1/2

[Event "X. Solinger Karnevalsopen"]
[Site "Solingen"]
[Date "2019.03.02"]
[Round "2.8"]
[White "Steinbach, Wolfgang"]
[Black "Kuhn, Andreas"]
[Result "1/2-1/2"]
[WhiteElo "2022"]
[BlackElo "1895"]
[PlyCount "79"]
[EventDate "2019.??.??"]
[WhiteTeam "SG Solingen"]
[BlackTeam "SG Niederkassel"]

1. Nf3 Nf6 2. d4 d6 3. g3 g6 4. Bg2 Bg7 5. O-O O-O 6. c4 Nbd7 7. Nc3 e5 8. e4
exd4 9. Nxd4 Re8 10. Nc2 Nc5 11. f3 a5 12. Kh1 Be6 13. Ne3 Nfd7 14. Rf2 Ne5 15.
Bf1 h5 16. Ned5 c6 17. Ne3 Qe7 18. Be2 Rad8 19. f4 Ng4 20. Nxg4 Bxg4 21. Bxg4
hxg4 22. e5 dxe5 23. Qxg4 e4 24. Be3 Rd3 25. Re2 Bd4 26. Bxd4 Rxd4 27. f5 Qd7
28. Rf1 Re5 29. Rf4 Rxf5 30. Nxe4 Rxf4 31. Qxf4 Rxe4 32. Rxe4 Qd1+ 33. Kg2 Qc2+
34. Kf3 Nxe4 35. Qxe4 Qxb2 36. h4 Kg7 37. g4 Qf6+ 38. Kg3 Qd6+ 39. Kf3 Qf6+ 40.
Kg3 1/2-1/2

[Event "X. Solinger Karnevalsopen"]
[Site "Solingen"]
[Date "2019.03.02"]
[Round "2.9"]
[White "Schröder, Jörg"]
[Black "Jacobi, Niklas"]
[Result "1-0"]
[WhiteElo "2007"]
[BlackElo "1812"]
[PlyCount "77"]
[EventDate "2019.??.??"]
[WhiteTeam "Oberhausener SV"]
[BlackTeam "SV Wesel"]

1. Nf3 c5 2. c4 g6 3. d4 cxd4 4. Qxd4 Nf6 5. Nc3 Bg7 6. e4 d6 7. Be3 O-O 8. Qd2
Nc6 9. Be2 Be6 10. O-O Rc8 11. Rac1 Ng4 12. Bg5 Nge5 13. Nxe5 Nxe5 14. b3 Nd7
15. Bd3 Bf6 16. Bh6 Re8 17. f4 Nc5 18. Bb1 Bd7 19. f5 Bc6 20. Nd5 Bxd5 21. exd5
Nd7 22. Rce1 b5 23. fxg6 hxg6 24. Qf4 Ne5 25. g4 Qd7 26. Re4 Rf8 27. g5 Bg7 28.
Qh4 Bh8 29. Bxf8 Rxf8 30. Rff4 bxc4 31. Re3 Rb8 32. Rh3 Bg7 33. Qh7+ Kf8 34.
Bxg6 cxb3 35. Bxf7 Nxf7 36. Rxf7+ Kxf7 37. Rf3+ Ke8 38. Qg8+ Bf8 39. Qxf8# 1-0

[Event "X. Solinger Karnevalsopen"]
[Site "Solingen"]
[Date "2019.03.02"]
[Round "2.10"]
[White "Höfer, Severin Paul"]
[Black "Vranidis, Athanassios"]
[Result "1-0"]
[WhiteElo "1938"]
[BlackElo "1976"]
[PlyCount "121"]
[EventDate "2019.??.??"]
[WhiteTeam "SF Stadtverwaltung Bonn"]
[BlackTeam "SG Solingen"]

1. Nf3 Nf6 2. c4 e6 3. Nc3 d5 4. e3 c6 5. b3 Be7 6. Bb2 O-O 7. Qc2 Nbd7 8. Rg1
a6 9. g4 Nc5 10. g5 Nfe4 11. b4 Nxc3 12. Qxc3 d4 13. exd4 Na4 14. Qc2 Nxb2 15.
Qxb2 a5 16. c5 Qd5 17. Qb3 axb4 18. Bc4 Qe4+ 19. Qe3 Qc2 20. Bd3 Qb2 21. Rb1
Qxa2 22. Ne5 Ra3 23. Ke2 g6 24. Ng4 Qd5 25. h4 Rd8 26. Rxb4 Kg7 27. Qe5+ Qxe5+
28. Nxe5 f6 29. Nf3 Bxc5 30. gxf6+ Kxf6 31. dxc5 Raxd3 32. Rf4+ Kg7 33. Ra1 e5
34. Nxe5 Rxd2+ 35. Ke1 Bf5 36. Rb4 Kf6 37. f4 R2d4 38. Raa4 Rxb4 39. Rxb4 Bc8
40. Ra4 Kf5 41. Nf7 Re8+ 42. Kd2 Ke6 43. Nd6 Rd8 44. Ra8 Kd7 45. Ke3 Kc7 46.
Kd4 Bg4 47. Rxd8 Kxd8 48. Nxb7+ Ke7 49. Ke5 Bh3 50. Na5 Bg2 51. Nb3 Bd5 52. Nd4
Bg2 53. f5 gxf5 54. Nxf5+ Kd7 55. Kf6 Be4 56. Nd6 Bg6 57. Nf7 Kc7 58. Ke7 Bh5
59. Ng5 Bg6 60. Ne6+ Kb7 61. Kd6 1-0

[Event "X. Solinger Karnevalsopen"]
[Site "Solingen"]
[Date "2019.03.02"]
[Round "2.11"]
[White "Fuß, Jean-Pierre"]
[Black "Boschek, Dr. Hans-Joachim"]
[Result "1-0"]
[WhiteElo "1965"]
[BlackElo "1922"]
[PlyCount "49"]
[EventDate "2019.??.??"]
[WhiteTeam "SV Turm Sankt Augustin"]
[BlackTeam "SG Solingen"]

1. d4 Nf6 2. Nf3 d5 3. g3 Bf5 4. Bg2 e6 5. O-O h6 6. c4 c6 7. Qb3 Qb6 8. c5
Qxb3 9. axb3 Nbd7 10. Nc3 Be7 11. b4 O-O 12. h3 Ne4 13. g4 Bh7 14. Nd2 Nxd2 15.
Bxd2 Bf6 16. Be3 e5 17. Rfd1 e4 18. b5 Bh4 19. bxc6 bxc6 20. Ra6 Rab8 21. Rxc6
Rxb2 22. Nxd5 Rxe2 23. Rc7 Nb8 24. Ne7+ Kh8 25. Nf5 1-0

[Event "X. Solinger Karnevalsopen"]
[Site "Solingen"]
[Date "2019.03.02"]
[Round "2.12"]
[White "Jahrke, Jonas"]
[Black "Leontiev, Oleg"]
[Result "1-0"]
[WhiteElo "1817"]
[BlackElo "2007"]
[PlyCount "67"]
[EventDate "2019.??.??"]
[WhiteTeam "SF Essen-Katernberg"]
[BlackTeam "SV Turm Sankt Augustin"]

1. e4 c6 2. d4 d5 3. e5 Bf5 4. h4 h6 5. g4 Be4 6. f3 Bh7 7. Bd3 Bxd3 8. Qxd3 e6
9. Be3 Be7 10. Bf2 Qb6 11. Nc3 Nd7 12. f4 c5 13. Nf3 cxd4 14. Bxd4 Nc5 15. Bxc5
Bxc5 16. f5 Ne7 17. O-O-O O-O-O 18. Na4 Qc6 19. Nxc5 Qxc5 20. fxe6 fxe6 21. Nd4
Qb6 22. Rh3 Rhf8 23. Qa3 Rd7 24. Rb3 Qa6 25. Qxa6 bxa6 26. Nxe6 Rf2 27. Nc5 Rc7
28. Nxa6 Rcxc2+ 29. Kb1 Rce2 30. Rc1+ Kd7 31. Nc5+ Ke8 32. e6 Nc6 33. Nd3 Nd4
34. Rb8+ 1-0

[Event "X. Solinger Karnevalsopen"]
[Site "Solingen"]
[Date "2019.03.02"]
[Round "2.13"]
[White "Prieb, Robert"]
[Black "Schmuck, Markus"]
[Result "1-0"]
[WhiteElo "1793"]
[BlackElo "1963"]
[PlyCount "67"]
[EventDate "2019.??.??"]
[WhiteTeam "SG Bochum"]
[BlackTeam "SG Solingen"]

1. d4 d6 2. Nf3 Nf6 3. c4 g6 4. Nc3 Bg7 5. e4 O-O 6. Be2 Nbd7 7. O-O c6 8. Re1
e5 9. Rb1 a5 10. Bf1 exd4 11. Nxd4 Re8 12. b3 Nc5 13. f3 Ne6 14. Nxe6 fxe6 15.
Bb2 e5 16. Kh1 Be6 17. Ba3 Bf8 18. Rb2 Qc7 19. Rd2 Red8 20. Rd3 Rd7 21. Re2
Rad8 22. Red2 Ne8 23. Rc2 Ng7 24. g3 Rf7 25. Bg2 Bc8 26. Rcd2 Ne8 27. c5 d5 28.
exd5 Bf5 29. d6 Qd7 30. Ne4 Bh6 31. Re2 Bxe4 32. Rxe4 Qf5 33. Bb2 Bg7 34. Qe2
1-0

[Event "X. Solinger Karnevalsopen"]
[Site "Solingen"]
[Date "2019.03.02"]
[Round "2.14"]
[White "Martino-Groß, Peter"]
[Black "Ipekyilmaz, Tayfun"]
[Result "1/2-1/2"]
[WhiteElo "1947"]
[BlackElo "1754"]
[PlyCount "80"]
[EventDate "2019.??.??"]
[WhiteTeam "SC Solingen 28"]
[BlackTeam "Langenfelder SF"]

1. Nf3 Nf6 2. c4 e6 3. g3 c5 4. Nc3 Nc6 5. Bg2 Be7 6. O-O O-O 7. d4 cxd4 8.
Nxd4 e5 9. Nf5 d6 10. Nxe7+ Qxe7 11. b3 h6 12. Ba3 Rd8 13. Qd2 Bg4 14. Rad1 Qe6
15. Nb5 Ne8 16. f3 a6 17. Nxd6 Nd4 18. c5 Bh3 19. Qb2 Bxg2 20. Kxg2 Nxd6 21.
cxd6 Rac8 22. Rd2 Nb5 23. Rfd1 e4 24. Bb4 b6 25. a4 a5 26. Bxa5 bxa5 27. axb5
Rc5 28. b6 Rb5 29. Qd4 exf3+ 30. exf3 Qxb3 31. d7 Rxb6 32. Re1 Re6 33. Rc1 Qb5
34. Kf2 Rc6 35. Rb2 Qa6 36. Rd1 Qc4 37. Re2 Qxd4+ 38. Rxd4 Kf8 39. Rde4 Re6 40.
Rxe6 fxe6 1/2-1/2

[Event "X. Solinger Karnevalsopen"]
[Site "Solingen"]
[Date "2019.03.02"]
[Round "2.15"]
[White "Meyer zu Kniendorf, Jochen"]
[Black "Scheffner, Jarno"]
[Result "0-1"]
[WhiteElo "1723"]
[BlackElo "1947"]
[PlyCount "82"]
[EventDate "2019.??.??"]
[WhiteTeam "Düsseldorfer SK"]
[BlackTeam "SK Nordhorn-Blanke"]

1. c4 e5 2. g3 Nf6 3. Bg2 d5 4. cxd5 Nxd5 5. Nc3 Nb6 6. Nf3 Nc6 7. O-O Be7 8.
a3 a5 9. Rb1 a4 10. b4 axb3 11. Rxb3 O-O 12. d3 Be6 13. Rb5 f6 14. a4 Qd7 15.
Nd2 Nd4 16. Rb1 Bh3 17. Bxh3 Qxh3 18. e3 Ne6 19. Ra1 Rfd8 20. Qe2 Bb4 21. Bb2
Nc5 22. d4 exd4 23. exd4 Bxc3 24. Bxc3 Ncxa4 25. Rac1 Nxc3 26. Rxc3 Nd5 27. Rc2
Ra5 28. Rc5 Rxc5 29. dxc5 Qd7 30. Qc4 Qf7 31. Nf3 Ne7 32. Qe4 c6 33. Re1 Nd5
34. Nd4 Nc3 35. Qe3 Na4 36. Nf5 Kf8 37. Nd6 Qd7 38. Qe4 Nxc5 39. Qxh7 Qxd6 40.
Qh8+ Kf7 41. Qh5+ Kg8 0-1

[Event "X. Solinger Karnevalsopen"]
[Site "Solingen"]
[Date "2019.03.02"]
[Round "2.16"]
[White "Kushchan, Eduard"]
[Black "Struck, Lasse"]
[Result "1/2-1/2"]
[WhiteElo "1944"]
[BlackElo "1718"]
[PlyCount "113"]
[EventDate "2019.??.??"]
[WhiteTeam "SG Solingen"]
[BlackTeam "SF Essen-Katernberg"]

1. d4 Nf6 2. c4 e6 3. Nf3 d5 4. Bg5 Bb4+ 5. Nc3 dxc4 6. e4 h6 7. Bxf6 Qxf6 8.
Bxc4 c5 9. e5 Qe7 10. O-O O-O 11. d5 Bxc3 12. bxc3 exd5 13. Bxd5 Rd8 14. c4 Be6
15. Rb1 Nc6 16. Qb3 Bxd5 17. cxd5 Nxe5 18. Nxe5 Qxe5 19. Rfe1 Qxd5 20. Qxd5
Rxd5 21. Rxb7 Rd2 22. g3 Rxa2 23. Ree7 Rf8 24. Rec7 Ra5 25. Kg2 g6 26. h3 Kg7
27. g4 Kf6 28. f4 Ke6 29. Kf3 Kd5 30. Rd7+ Kc4 31. Rxf7 Rxf7 32. Rxf7 Ra6 33.
f5 gxf5 34. gxf5 Kd5 35. Re7 c4 36. Kf4 c3 37. Rd7+ Rd6 38. Rxa7 c2 39. Ra1 Rc6
40. Rc1 Kd4 41. h4 Kd3 42. Ke5 Rb6 43. f6 Rb1 44. Rxc2 Kxc2 45. Kf5 Rf1+ 46.
Kg6 Kd3 47. Kxh6 Rxf6+ 48. Kg5 Rf1 49. h5 Ke4 50. h6 Ke5 51. h7 Rg1+ 52. Kh6
Rh1+ 53. Kg7 Rg1+ 54. Kf7 Rh1 55. Kg7 Rg1+ 56. Kf7 Rf1+ 57. Kg7 1/2-1/2

[Event "X. Solinger Karnevalsopen"]
[Site "Solingen"]
[Date "2019.03.02"]
[Round "2.17"]
[White "Breuer, Leon"]
[Black "Podder, Michael"]
[Result "1-0"]
[WhiteElo "1715"]
[BlackElo "1939"]
[PlyCount "79"]
[EventDate "2019.??.??"]
[WhiteTeam "SC Listiger Bauer Essen"]
[BlackTeam "Elberfelder SG"]

1. e4 g6 2. d4 Bg7 3. f4 c5 4. d5 d6 5. c3 Nf6 6. Nf3 O-O 7. Bd3 b5 8. O-O Qb6
9. Kh1 e6 10. dxe6 Bxe6 11. Be3 Bd7 12. Bg1 Qc7 13. Bc2 Bc6 14. Nbd2 Nbd7 15.
Re1 Rad8 16. Qe2 Nh5 17. g3 Rfe8 18. Qf1 a5 19. Rad1 a4 20. a3 Qb7 21. Bb1 Ndf6
22. Qe2 Re7 23. c4 b4 24. Qd3 Rde8 25. Qxd6 Nxe4 26. Nxe4 Bxe4 27. Bxe4 Rxe4
28. Rxe4 Qxe4 29. Kg2 Qxc4 30. Bxc5 Bf8 31. Qd7 Re2+ 32. Bf2 Bc5 33. Rf1 bxa3
34. bxa3 Bxa3 35. Kg1 Bc5 36. Qc8+ Kg7 37. Bxc5 Qe4 38. Bf8+ Kf6 39. Qd8+ Kf5
40. Nd4+ 1-0